<?xml version="1.0" encoding="UTF-8"?>
<record
    xmlns:xsi="http://www.w3.org/2001/XMLSchema-instance"
    xsi:schemaLocation="http://www.loc.gov/MARC21/slim http://www.loc.gov/standards/marcxml/schema/MARC21slim.xsd"
    xmlns="http://www.loc.gov/MARC21/slim">

  <leader>03021njm a2200529Ia 4500</leader>
  <controlfield tag="001">20794</controlfield>
  <controlfield tag="003">IT-RoPAU</controlfield>
  <controlfield tag="005">20220918181125.0</controlfield>
  <controlfield tag="008">131025s9999    xx            000 0 und d</controlfield>
  <datafield tag="040" ind1=" " ind2=" ">
    <subfield code="a">IT-RoPAU</subfield>
  </datafield>
  <datafield tag="040" ind1=" " ind2=" ">
    <subfield code="c">IT-RoPAU</subfield>
  </datafield>
  <datafield tag="041" ind1=" " ind2=" ">
    <subfield code="a">ITALIANO</subfield>
  </datafield>
  <datafield tag="999" ind1=" " ind2=" ">
    <subfield code="c">100086</subfield>
    <subfield code="d">100086</subfield>
  </datafield>
  <datafield tag="999" ind1=" " ind2=" ">
    <subfield code="b">n.d.</subfield>
  </datafield>
  <datafield tag="100" ind1=" " ind2=" ">
    <subfield code="a">AA.VV.</subfield>
    <subfield code="9">794</subfield>
  </datafield>
  <datafield tag="100" ind1=" " ind2=" ">
    <subfield code="e">Autore musica</subfield>
    <subfield code="9">3527</subfield>
  </datafield>
  <datafield tag="100" ind1=" " ind2=" ">
    <subfield code="g">Codice autore musica SPICS: 12000</subfield>
    <subfield code="9">796</subfield>
  </datafield>
  <datafield tag="245" ind1=" " ind2=" ">
    <subfield code="a">San Remo apre le porte</subfield>
  </datafield>
  <datafield tag="250" ind1=" " ind2=" ">
    <subfield code="a">2a ed.</subfield>
  </datafield>
  <datafield tag="260" ind1=" " ind2=" ">
    <subfield code="a">MILANO</subfield>
  </datafield>
  <datafield tag="260" ind1=" " ind2=" ">
    <subfield code="b">FRATELLI FABBRI EDITORI</subfield>
    <subfield code="c">1982 [1a Ed.:1970]</subfield>
  </datafield>
  <datafield tag="300" ind1=" " ind2=" ">
    <subfield code="a">DISCO</subfield>
  </datafield>
  <datafield tag="300" ind1=" " ind2=" ">
    <subfield code="c">26 minuti (Testo:  pag.)</subfield>
  </datafield>
  <datafield tag="500" ind1=" " ind2=" ">
    <subfield code="a">La canzone italiana. A San Remo si nasce e si muore. Tormenti d'amore, malinconia, primavera, amore, sogno, carezze, destino, dolci e felici, dispetto, incendio, casa, felicit&#xE0;, legame.</subfield>
  </datafield>
  <datafield tag="505" ind1=" " ind2=" ">
    <subfield code="a">Buongiorno tristezza (5:00) - Aprite le finestre (2:00) - Amami se vuoi (4:00) - La vita &#xE8; un paradiso di bugie (4:00) - Corde della mia chitarra (3:00) - Casetta in Canada (4:00) - Nel blu dipinto di blu (4:00) - L'edera (4:00)</subfield>
  </datafield>
  <datafield tag="511" ind1=" " ind2=" ">
    <subfield code="a">Villa Claudio</subfield>
  </datafield>
  <datafield tag="511" ind1=" " ind2=" ">
    <subfield code="a">Raimondi Franca</subfield>
  </datafield>
  <datafield tag="511" ind1=" " ind2=" ">
    <subfield code="a">Torrielli Tonina</subfield>
  </datafield>
  <datafield tag="511" ind1=" " ind2=" ">
    <subfield code="a">Gonzales Luciana</subfield>
  </datafield>
  <datafield tag="511" ind1=" " ind2=" ">
    <subfield code="a">Boni Carla e Duo Fasano</subfield>
  </datafield>
  <datafield tag="511" ind1=" " ind2=" ">
    <subfield code="a">Modugno Domenico</subfield>
  </datafield>
  <datafield tag="650" ind1=" " ind2=" ">
    <subfield code="a">CANZONE ITALIAN [DISCHI]</subfield>
    <subfield code="e">Codice MATERIA SPICS: 9950</subfield>
    <subfield code="9">3528</subfield>
  </datafield>
  <datafield tag="700" ind1=" " ind2=" ">
    <subfield code="a">Ruccione Mario</subfield>
    <subfield code="d">Codice autore musica SPICS: 13479</subfield>
    <subfield code="e">Autore musica</subfield>
    <subfield code="p">Buongiorno tristezza</subfield>
    <subfield code="9">3529</subfield>
  </datafield>
  <datafield tag="700" ind1=" " ind2=" ">
    <subfield code="a">Fiorelli Giuseppe</subfield>
    <subfield code="d">Codice autore testo/musica SPICS: 13362</subfield>
    <subfield code="e">Autore testo/musica</subfield>
    <subfield code="p">Buongiorno tristezza</subfield>
    <subfield code="9">3530</subfield>
  </datafield>
  <datafield tag="700" ind1=" " ind2=" ">
    <subfield code="a">Panzuti Virgilio</subfield>
    <subfield code="d">Codice autore musica SPICS: 13599</subfield>
    <subfield code="e">Autore musica</subfield>
    <subfield code="p">Aprite le finestre</subfield>
    <subfield code="9">3531</subfield>
  </datafield>
  <datafield tag="700" ind1=" " ind2=" ">
    <subfield code="a">Pinchi (Pinci) (Perotti Pino)</subfield>
    <subfield code="d">Codice autore testo/musica SPICS: 13615</subfield>
    <subfield code="e">Autore testo/musica</subfield>
    <subfield code="p">Aprite le finestre</subfield>
    <subfield code="9">3532</subfield>
  </datafield>
  <datafield tag="700" ind1=" " ind2=" ">
    <subfield code="a">Mascheroni Vittorio</subfield>
    <subfield code="d">Codice autore musica SPICS: 13134</subfield>
    <subfield code="e">Autore musica</subfield>
    <subfield code="p">Amami se vuoi - Casetta in Canada</subfield>
    <subfield code="9">3533</subfield>
  </datafield>
  <datafield tag="700" ind1=" " ind2=" ">
    <subfield code="a">Panzeri Mario</subfield>
    <subfield code="d">Codice autore testo/musica SPICS: 13372</subfield>
    <subfield code="e">Autore testo/musica</subfield>
    <subfield code="p">Amami se vuoi - Casetta in Canada</subfield>
    <subfield code="9">3534</subfield>
  </datafield>
  <datafield tag="700" ind1=" " ind2=" ">
    <subfield code="a">Oliviero Nino</subfield>
    <subfield code="d">Codice autore musica SPICS: 14018</subfield>
    <subfield code="e">Autore musica</subfield>
    <subfield code="p">La vita &#xE8; un paradiso di bugie</subfield>
    <subfield code="9">3535</subfield>
  </datafield>
  <datafield tag="700" ind1=" " ind2=" ">
    <subfield code="a">Calcagno</subfield>
    <subfield code="d">Codice autore testo/musica SPICS: 22687</subfield>
    <subfield code="e">Autore testo/musica</subfield>
    <subfield code="p">La vita &#xE8; un paradiso di bugie</subfield>
    <subfield code="9">3536</subfield>
  </datafield>
  <datafield tag="700" ind1=" " ind2=" ">
    <subfield code="a">Ruccione Mario</subfield>
    <subfield code="d">Codice autore musica SPICS: 13479</subfield>
    <subfield code="e">Autore musica</subfield>
    <subfield code="p">Corde della mia chitarra</subfield>
    <subfield code="9">3537</subfield>
  </datafield>
  <datafield tag="700" ind1=" " ind2=" ">
    <subfield code="a">Fiorelli Giuseppe</subfield>
    <subfield code="d">Codice autore testo/musica SPICS: 13362</subfield>
    <subfield code="e">Autore testo/musica</subfield>
    <subfield code="p">Corde della mia chitarra</subfield>
    <subfield code="9">3538</subfield>
  </datafield>
  <datafield tag="700" ind1=" " ind2=" ">
    <subfield code="a">Migliacci Franco</subfield>
    <subfield code="d">Codice autore musica SPICS: 13653</subfield>
    <subfield code="e">Autore musica</subfield>
    <subfield code="p">Nel blu dipinto di blu</subfield>
    <subfield code="9">3539</subfield>
  </datafield>
  <datafield tag="700" ind1=" " ind2=" ">
    <subfield code="a">Modugno Domenico</subfield>
    <subfield code="d">Codice autore testo/musica SPICS: 12142</subfield>
    <subfield code="e">Autore testo/musica</subfield>
    <subfield code="p">Nel blu dipinto di blu</subfield>
    <subfield code="9">3540</subfield>
  </datafield>
  <datafield tag="700" ind1=" " ind2=" ">
    <subfield code="a">D'Acquisto Vincenzo</subfield>
    <subfield code="d">Codice autore musica SPICS: 14321</subfield>
    <subfield code="e">Autore musica</subfield>
    <subfield code="p">L'edera</subfield>
    <subfield code="9">3541</subfield>
  </datafield>
  <datafield tag="700" ind1=" " ind2=" ">
    <subfield code="a">Seracini Saverio</subfield>
    <subfield code="d">Codice autore testo/musica SPICS: 13607</subfield>
    <subfield code="e">Autore testo/musica</subfield>
    <subfield code="p">L'edera</subfield>
    <subfield code="9">3542</subfield>
  </datafield>
  <datafield tag="942" ind1=" " ind2=" ">
    <subfield code="c">MD</subfield>
    <subfield code="2">ddc</subfield>
  </datafield>
  <datafield tag="952" ind1=" " ind2=" ">
    <subfield code="0">0</subfield>
    <subfield code="1">0</subfield>
    <subfield code="4">0</subfield>
    <subfield code="6">20794_000000000000000</subfield>
    <subfield code="7">1</subfield>
    <subfield code="a">SPICS</subfield>
    <subfield code="b">SPICS</subfield>
    <subfield code="d">2013-10-25</subfield>
    <subfield code="l">0</subfield>
    <subfield code="o">20794</subfield>
    <subfield code="r">2013-10-25 00:00:00</subfield>
    <subfield code="w">2013-10-25</subfield>
    <subfield code="y">MD</subfield>
    <subfield code="z">Progr. Ins.: 4097 / N.Vol.: 1 / Copie: 1 - Copia rara: n.d. / date import: 01.01.2014 - By Epidotti, Trombetti, Vaglietti</subfield>
  </datafield>
</record>
